L'enfant de la pluie - So La Lune titre - Statistiques

Statistiques générales
  • Ce quiz a été pris 133 fois
  • Le résultat moyen est 14 sur 19
Statistiques - réponses
Titre % Correct
Perte de temps feat Khali
88%
OP
87%
Opening
83%
Parfum Automne Bonus
81%
Remontada
79%
Suspects feat SCH
79%
Triste Temps
79%
Au BPM
76%
Sales Images
70%
Sali
70%
99 avenue
68%
Les toits de la ville
67%
Un jour d'été
66%
10 Hummers
65%
Bip Bip
65%
Le dernier maître de l'eau
63%
Bloqué
60%
Interlude : Froide l'averse
58%
L'allemande
58%
Aucun quiz correspondant
Distribution des résultats
% des personnes avec chaque résultat
Percentile par nombre de réponses
Votre historique - résultats
Vous n’avez pas pris ce quiz